[Event "Centrocoop Sept op-B"]
[Site "Eforie Nord"]
[Date "1998.??.??"]
[Round "?"]
[White "Moskalyuk, Natalya"]
[Black "Susterman, Bela"]
[Result "1/2-1/2"]
[WhiteElo "2290"]
[BlackElo "2015"]
[PlyCount "73"]
[EventDate "1998.09.??"]
[EventType "swiss"]
[EventRounds "11"]
[EventCountry "ROU"]
[SourceTitle "EXT 2000"]
[Source "ChessBase"]
[SourceDate "1999.11.16"]
[SourceVersion "1"]
[SourceVersionDate "1999.11.16"]
[SourceQuality "1"]

1. e4 e5 2. Nf3 Nc6 3. Bb5 a6 4. Bxc6 dxc6 5. d4 exd4 6. Qxd4 Qxd4 7. Nxd4 Nf6 8. 0-0 Bc5 9. c3 0-0 10. Re1 Re8 11. Nd2 Bd7 12. e5 Nd5 13. N4b3 Ba7 14. Nf3 Bg4 15. Bd2 Bxf3 16. gxf3 Ne7 17. Be3 Bxe3 18. fxe3 b6 19. Kf2 c5 20. Rad1 Rad8 21. Ke2 Kf8 22. Rxd8 Rxd8 23. Rd1 Rxd1 24. Kxd1 Nc6 25. f4 Ke7 26. Ke2 Ke6 27. e4 h6 28. h4 g5 29. hxg5 hxg5 30. fxg5 Nxe5 31. Nd2 b5 32. Ke3 c4 33. Nf3 Nd7 34. Nd4+ Ke7 35. Nf5+ Ke6 36. Nd4+ Ke7 37. Nf5+ 1/2-1/2